| 000 | 01072cam a2200325 a 4500 | ||
|---|---|---|---|
| 999 |
_c128396 _d128396 |
||
| 001 | 3893846 | ||
| 003 | ARRUPE | ||
| 005 | 20181016112808.0 | ||
| 008 | 900323s1989 fr b 000 0 fre | ||
| 010 | _a 90135150 | ||
| 020 | _a2738404308 | ||
| 040 |
_aDLC _cDLC _dDLC |
||
| 043 | _af------ | ||
| 050 | 0 | 0 |
_aJQ1872 _b.M45 1989 |
| 082 | 0 | 0 |
_a320.5/49/096 _220 |
| 100 | 1 |
_aMbonimpa, Melchior, _d1955- _942964 |
|
| 245 | 1 | 0 |
_aIdéologies de l'indépendance africaine / _cMelchior Mbonimpa. |
| 260 |
_aParis : _bL'Harmattan, _c[1989] |
||
| 300 |
_a247 p. ; _c22 cm. |
||
| 490 | 1 | _aPoints de vue | |
| 504 | _aIncludes bibliographical references. | ||
| 650 | 0 |
_aNationalism _zAfrica. _99483 |
|
| 650 | 0 |
_aPan-Africanism. _93229 |
|
| 651 | 0 |
_aAfrica _xPolitics and government _y1945-1960. _931761 |
|
| 651 | 0 |
_aAfrica _xPolitics and government _y1960- _942965 |
|
| 830 | 0 |
_aCollection Points de vue. _942966 |
|
| 906 |
_a7 _bcbc _corignew _d3 _encip _f19 _gy-gencatlg |
||
| 942 |
_2lcc _cMONOGRAPH |
||